| 000 | 00618cam a2200193 4500500 | ||
|---|---|---|---|
| 005 | 20260329010024.0 | ||
| 041 | _afre | ||
| 042 | _adc | ||
| 100 | 1 | 0 |
_aLegros, Martin _eauthor |
| 245 | 0 | 0 | _aSocrate et les sophistes, un match interminable |
| 260 | _c2020. | ||
| 500 | _a59 | ||
| 690 | _aMaïeutique | ||
| 690 | _aRaison | ||
| 690 | _aSocrate | ||
| 690 | _aSophistes | ||
| 786 | 0 | _nPhilosophie magazine - Hors séries | Hors-série - Été 2020 | HS45 | 2020-05-01 | p. 15-17 | 2104-9246 | |
| 856 | 4 | 1 | _uhttps://shs.cairn.info/magazine-philosophie-magazine-2020-hs45-page-15?lang=fr&redirect-ssocas=7080 |
| 999 |
_c1848799 _d1848799 |
||